[Event "15th Spice Cup 2021"]
[Site "Clayton"]
[Date "2021.10.20"]
[Round "5.6"]
[White "Bora, Safal"]
[Black "Rozman, Levy"]
[Result "1-0"]
[WhiteElo "2432"]
[BlackElo "2362"]
[Annotator "TA"]
[PlyCount "145"]
[EventDate "2021.10.17"]
[EventType "swiss"]
[EventCountry "USA"]
[SourceTitle "playchess.com"]
[Source "ChessBase"]
[SourceQuality "1"]

{[%evp 9,145,24,28,23,31,29,29,35,35,22,45,32,37,22,44,28,53,45,45,45,49,42,55,29,61,54,113,64,92,72,76,67,74,53,74,72,82,80,79,77,81,61,69,61,61,61,61,61,61,61,61,67,71,60,81,72,107,64,81,72,72,54,95,84,108,108,120,112,112,112,126,123,123,126,203,154,163,99,214,179,318,308,316,313,418,159,154,31,16,24,16,8,8,8,6,0,33,-75,0,0,54,38,59,58,217,235,399,218,435,0,0,0,146,142,151,143,0,0,135,152,275,0,0,-53,0,0,12,32,872,868,823,814,29991,29992,29992,29993,29993,29994]} 1. Nf3 d5 2. g3 Nd7 3. d4 Nb6 4. a4 a5 5. Nc3 Bf5 6. Nh4 {D02: 1 d4 d5 2 Nf3 sidelines, including 2...Nf6 3 g3 and 2...Nf6 3 Bf4.} e6 7. Nxf5 exf5 8. Qd3 {White has an edge.} g6 9. Bg2 Nf6 10. O-O Bg7 {[#]} 11. Bg5 $146 ({Predecessor:} 11. f3 O-O 12. Rd1 Re8 13. e4 fxe4 14. fxe4 dxe4 15. Nxe4 Nxe4 16. Bxe4 c6 17. c3 {0-1 (48) Svane,R (2613)-Abdusattorov,N (2627) Chess.com INT 2021}) 11... O-O 12. e3 Qd7 13. Bxf6 Bxf6 14. b3 c6 15. Ne2 Rfd8 16. Rab1 Qe7 17. Rfc1 Qa3 (17... Bg5 $14) 18. c3 Ra7 19. Qc2 Qf8 20. c4 Be7 21. Nf4 Ba3 22. Rd1 Qe7 23. Ra1 Bb4 24. Nd3 Qf8 25. c5 Nd7 26. Rdc1 Rb8 27. Nxb4 axb4 28. Qd2 b6 29. cxb6 Rxb6 30. Bf1 {Strongly threatening a5.} Ra5 31. Ra2 Qd6 32. Rac2 h5 33. Be2 Qf6 34. Bf3 Qd6 35. Qe2 Qf6 36. Bg2 Qd6 37. Qf3 Kf8 38. h3 Ra8 39. g4 fxg4 40. hxg4 hxg4 41. Qxg4 f5 (41... Nf6 $16 42. Qh4 Kg7) 42. Qg5 Kg7 43. Bh3 ({White should play} 43. Bf1 $18) 43... Kf7 (43... Rh8 $16 44. Kg2 Qe6) 44. Qh6 $18 Kf6 (44... Nf6 $142 45. Bf1 Rc8) 45. f3 (45. f4 Qe6 $16) 45... Nf8 46. Rg2 (46. a5 Rxa5 47. e4 dxe4 $14) 46... Qe7 47. Kh2 $2 (47. a5 Rxa5 48. e4 Qg7 $18) (47. e4 $18 {has better winning chances.} Qg7 48. Qh4+ Kf7 49. exd5) 47... Qh7 $16 48. Qg5+ ({Don't play} 48. Qf4 $6 Ne6 $14) (48. Qxh7 $1 $16 {White wants to mate with Rxg6+!} Nxh7 49. Rgc2) 48... Kf7 $14 49. Qg3 {Threatens to win with Qc7+.} Ne6 50. Rgc2 Qh6 51. f4 $1 ({Much worse is} 51. Rxc6 Rxc6 52. Rxc6 Qxe3 $17) 51... Rh8 $1 52. Kg2 Qh5 {With the idea ...c5!} (52... c5 $5 53. dxc5 Rc6 $11) 53. Rf2 {[#]} (53. Rh1 $14 {stays ahead.}) 53... Rh7 (53... c5 $1 $17 54. dxc5 Rc6) 54. Rf3 Ng7 ({Better is} 54... c5 $11) 55. Qe1 Ne8 56. a5 Rb7 (56... Ra6 $14) 57. Rxc6 $18 {Hoping for a6.} Re7 $2 (57... Rg7 {is a better defense.} 58. a6 Re7) 58. a6 (58. Qxb4 $142 Rg7 59. Qc5) 58... Nf6 $2 (58... Rg7 59. Rg3 (59. Qxb4 g5 $11) 59... g5) 59. Rxf6+ $2 Kxf6 $11 60. Qxb4 {Black must now prevent Qd6+.} Rd7 (60... Rh8 $11 {remains equal.}) 61. a7 Rh8 {Threatening ...Ra8.} 62. Qb5 Rdd8 63. Qc6+ Kg7 (63... Ke7 $1 $11) 64. Qc7+ Kf6 {[#] intending ...Rc8.} 65. Qa5 $2 (65. b4 $1 $18) 65... Rc8 {( -> ...Rc2+)} 66. Qa2 (66. Qxd5 $11 Rc2+ 67. Kh1) 66... Rhe8 (66... Kg7 $15) 67. b4 {aiming for b5.} Qh4 68. Rg3 $36 {[%mdl 2048] And now Qa6+ would win. White fights for an advantage.} Rc1 $2 {[%mdl 8192]} (68... Qh5 $14) 69. Qa6+ $18 Ke7 70. Qxg6 {Threatening mate with Qg7+.} Rec8 71. Qg7+ {White mates.} Kd8 72. Qf8+ Kc7 {[#]} 73. Qxc8+ $3 {[%mdl 512] Weighted Error Value: White=0.28/Black=0.38} 1-0

[Event "15th Spice Cup 2021"]
[Site "Clayton"]
[Date "2021.10.21"]
[Round "6.1"]
[White "Quesada Perez, Yuniesky"]
[Black "Moradiabadi, Elshan"]
[Result "1-0"]
[WhiteElo "2593"]
[BlackElo "2553"]
[Annotator "TA"]
[PlyCount "103"]
[EventDate "2021.10.17"]
[EventType "swiss"]
[EventCountry "USA"]
[SourceTitle "playchess.com"]
[Source "ChessBase"]
[SourceQuality "1"]

{[%evp 13,103,14,25,4,0,0,21,17,22,14,20,8,10,16,13,16,37,33,252,55,54,58,54,0,0,-153,37,7,7,7,0,0,-7,0,22,3,56,28,50,23,121,83,82,73,60,60,101,97,139,136,115,126,124,43,45,25,58,25,56,47,70,47,44,37,39,39,43,43,103,100,108,103,147,72,54,0,98,91,151,85,146,122,129,136,339,332,331,318,29962,29962,10524,11789]} 1. e4 e5 2. Nf3 Nc6 3. Bc4 Bc5 4. c3 Nf6 5. d3 d6 6. O-O a6 7. a4 {7.Re1 is a critical line.} O-O 8. Bg5 {C54: Giuoco Piano: 4 c3 Nf6, main lines with 5 d4 and 5 d3.} h6 9. Bh4 g5 10. Bg3 {The position is equal.} Ba7 11. Na3 Bg4 12. Nc2 d5 13. exd5 Nxd5 14. d4 exd4 {[#]} 15. Qd3 $146 ({Predecessor:} 15. cxd4 Bh5 16. Ra3 Kh8 17. Qd2 f5 18. Be5+ Nxe5 19. Nxe5 Kg7 20. Rg3 f4 21. Rh3 {½-½ (45) Dragun,K (2594)-Gajewski,G (2633) Poznan 2016}) 15... Na5 $2 {[#]} (15... Be6 $14) 16. Bxc7 $1 {[%mdl 512]} Qxc7 $14 17. Bxd5 Qd6 18. Ne3 Bxf3 $11 19. Bxf3 $2 (19. Nf5 $1 $11 Qxd5 20. Ne7+ {[%mdl 64] Double Attack} Kg7 21. Nxd5 Bxd5 22. Qf5) 19... Rad8 $2 (19... Bb8 $17 {[%csl Gb8][%cal Rd6h2]} 20. Ng4 h5) 20. Nf5 Qf6 {White must now prevent ...dxc3.} 21. cxd4 Bxd4 22. Qc2 Rc8 23. Qe4 Bxb2 24. Rae1 Nc6 (24... Rc5 $11 25. Ne3 Qf4) 25. Qb1 Ne5 26. Be4 Kh8 27. Re3 $1 $16 {[%cal Re3h3]} (27. Bxb7 $6 Rb8 $11) (27. Qxb2 $2 Nf3+ $1 {[%mdl 512]} 28. gxf3 Qxb2 $19) 27... Rc3 28. Rxc3 (28. Qxb2 $6 Rxe3 29. Qb4 Rxe4 $1 $11) 28... Bxc3 29. Qxb7 Ba5 30. g3 Re8 31. Kg2 h5 32. Rd1 {Hoping for Rd6.} Rd8 {[#]} 33. Rxd8+ ({White should try} 33. Rc1 $1 $16) 33... Bxd8 $14 34. Qb2 h4 35. Qb8 Nd7 36. Qc8 Nf8 37. Qc4 (37. Bd5 {feels hotter.} Kg8 38. Ne3 Kg7 39. Ng4 Qd6 40. Qc3+) 37... a5 38. Qe2 Ne6 39. Qb5 Ng7 40. Ne3 Qe6 (40... Kg8 $14) 41. Bd5 $16 h3+ 42. Kg1 Qf6 43. Qd7 ({White should play} 43. Qf1) 43... Ne6 44. Qb5 (44. Kf1 $14) 44... Nd4 (44... Ng7 $11) 45. Qf1 $36 {[%mdl 2048] Black is under strong pressure.} Qh6 ({Better is} 45... Kg7) 46. Qd1 (46. Bxf7 $142 {Threatens to win with Bd5.} Nf3+ 47. Kh1) 46... Bb6 (46... Qf6 $142) 47. Bxf7 {Strongly threatening Qg4.} Qf6 48. Bd5 {Qg4 is the strong threat.} Kg7 $2 (48... Ne6 $16 49. Bxe6 Bxe3 50. Qh5+ (50. fxe3 Qxe6 51. Qh5+ Kg8 $16) (50. Bxh3 Qxf2+ 51. Kh1 Kg7 $14) 50... Kg7 51. fxe3 Qxe6) 49. Qg4 $18 Nc6 50. Bxc6 ({Much less strong is} 50. Qxh3 Ne7 $18) 50... Bxe3 (50... Qxc6 $18 51. Qxg5+ Kf8 52. Qf4+ Ke8) 51. Qd7+ ({Less strong is} 51. fxe3 Qxc6 52. Qxg5+ Kf8 $16) 51... Kh6 52. Qxh3+ {Weighted Error Value: White=0.21/Black=0.55} 1-0

[Event "15th Spice Cup 2021"]
[Site "Clayton"]
[Date "2021.10.21"]
[Round "6.2"]
[White "Jacobson, Brandon"]
[Black "Yoo, Christopher Woojin"]
[Result "1-0"]
[WhiteElo "2492"]
[BlackElo "2485"]
[Annotator "TA"]
[PlyCount "105"]
[EventDate "2021.10.17"]
[EventType "swiss"]
[EventCountry "USA"]
[SourceTitle "playchess.com"]
[Source "ChessBase"]
[SourceQuality "1"]

{[%evp 11,105,6,15,0,0,0,28,16,42,29,123,147,265,267,269,260,256,275,269,270,257,260,281,284,281,283,291,286,325,313,308,309,303,298,300,300,346,334,352,328,348,322,316,320,363,343,367,359,360,345,399,393,402,402,442,455,501,499,510,502,498,500,581,568,599,588,629,623,585,622,620,613,628,611,572,539,539,533,656,614,603,597,764,751,839,837,1595,1534,1771,1702,1610,1564,1576,1550,1231,1127]} 1. d4 Nf6 2. c4 e6 3. Nc3 Bb4 4. e3 O-O 5. Bd3 d5 6. Nf3 b6 {Recently 6...dxc4 got a lot of attention.} 7. cxd5 {E52: Nimzo-Indian: Rubinstein: 4...0-0 5 Nf3 d5 6 Bd3 b6.} exd5 8. O-O Bg4 {[#]} 9. Qa4 $146 {White has an edge.} ({Predecessor:} 9. Ne2 Nbd7 10. Ng3 Bd6 11. Nf5 Bxf5 12. Bxf5 Ne4 13. Nd2 Re8 14. Qc2 Qe7 15. Qc6 Ndf6 16. Nxe4 dxe4 17. Bd2 {½-½ (17) Lopez Martinez,J (2543)-Reinaldo Castineira,R (2511) Pamplona 2010}) 9... Bxf3 10. Qxb4 Ng4 {[#]} 11. h3 $1 $16 ({But not} 11. gxf3 $6 Qh4 $11) 11... Nc6 {[#]} (11... Qh4 $16) 12. Qa4 $1 $18 ({Less strong is} 12. Qb5 Qg5 $16) 12... Nge5 13. dxe5 Qg5 {[%csl Gf3][%cal Rg5g2]} 14. g3 Nxe5 15. Be2 Bxe2 16. Nxe2 Qh5 17. Nf4 Qf5 18. Qd1 Rad8 19. Qh5 Qf6 20. Bd2 c5 21. Rad1 g6 22. Qe2 Qc6 23. Nd3 Nc4 24. Bc1 Rfe8 25. Qf3 Nd6 26. b3 {[%cal Bb2b3,Bb3b4][%mdl 32]} Ne4 27. Bb2 f6 28. Nf4 {[%cal Bd3f4,Bf4e2,Be2c3][%mdl 32]} b5 29. b4 c4 30. Ne2 a5 31. a3 axb4 32. axb4 Qe6 33. h4 {White is clearly winning.} Rd7 34. Nc3 Red8 35. Rd4 f5 36. Rfd1 Nf6 37. Nxb5 Ng4 38. Nc3 Ne5 39. Qg2 Nd3 40. R1xd3 cxd3 41. Qf1 d2 42. Qd3 f4 43. exf4 Qe1+ 44. Kg2 Rc8 45. Qxd2 Qxd2 46. Rxd2 d4 47. Ne4 Re7 48. Rxd4 Ra7 49. b5 Rb8 50. Rb4 Rab7 51. Nd6 Rb6 52. Be5 h6 53. Rc4 {Black did not feel at home in the position after the opening.  Weighted Error Value: White=0.04/Black=0.28} 1-0

[Event "15th Spice Cup 2021"]
[Site "Clayton"]
[Date "2021.10.21"]
[Round "6.3"]
[White "Gledura, Benjamin"]
[Black "Bora, Safal"]
[Result "1-0"]
[WhiteElo "2628"]
[BlackElo "2432"]
[Annotator "TA"]
[PlyCount "140"]
[EventDate "2021.10.17"]
[EventType "swiss"]
[EventCountry "USA"]
[SourceTitle "playchess.com"]
[Source "ChessBase"]
[SourceQuality "1"]

{[%evp 9,140,17,29,0,5,0,8,0,34,22,6,6,17,21,28,20,33,0,10,15,54,62,71,19,68,25,17,25,38,30,29,33,44,44,74,0,0,0,0,13,8,5,5,5,0,0,8,0,0,0,0,0,0,0,15,16,25,25,32,31,31,33,33,33,45,43,42,51,51,22,25,25,25,21,51,51,51,51,78,88,137,51,200,186,194,211,185,0,135,51,51,51,51,51,56,0,168,174,750,902,902,837,1359,1442,1882,1786,1687,1338,1222,1395,2489,2266,29969,29970,29971,29972,29969,29971,29972,29974,29974,29974,29977,29978,29977,29980,29981,29980,29987,29988,29988,29989,29995]} 1. Nf3 Nf6 2. c4 g6 3. Nc3 d5 4. cxd5 Nxd5 5. h4 Bg7 6. h5 {A16: English Opening: 1...Nf6 with ...d5.} Nc6 7. e4 Nb6 8. Bb5 {[#] The position is equal.} O-O $146 ({Predecessor:} 8... Bg4 9. h6 Bf6 10. d4 Bxf3 11. Qxf3 Qxd4 12. Be3 Qd6 13. Bf4 Qe6 14. O-O O-O 15. Bxc6 bxc6 16. Rfe1 {½-½ (16) Vallejo Pons,F (2705)-Svidler,P (2755) Porto Carras 2011}) 9. hxg6 hxg6 10. Bxc6 bxc6 11. d4 Bg4 12. Bf4 Qd7 13. Be5 Bxf3 14. Qxf3 Bxe5 15. dxe5 Kg7 $1 16. Rd1 $36 {[%mdl 2048] White fights for an advantage.} Qe6 17. Qh3 (17. Qg3 {looks sharper.} Rh8 18. O-O Nc4 19. f4 Nxb2 20. Rd4) 17... Qxh3 18. Rxh3 Nc4 19. Rd7 e6 20. Na4 Nb6 21. Rd4 Rad8 22. Rhd3 (22. Rxd8 $16 Rxd8 23. Nc5) 22... Rxd4 $11 23. Rxd4 {[%mdl 4096] Endgame KRN-KRN} Rh8 24. Nc5 Rh5 25. b4 Rh1+ $1 26. Ke2 Ra1 $1 27. Rd2 Nc4 28. Nb3 Nxd2 29. Nxa1 Nxe4 {KN-KN} 30. Ke3 Nc3 31. a3 c5 32. bxc5 Nd5+ 33. Kd4 c6 34. Nb3 Kf8 $1 35. Na5 Ne7 36. Ke4 Ke8 37. Nc4 Nd5 38. Nd6+ Ke7 39. g3 (39. Kd4 {keeps more tension.} Nf4 40. g3 Nd5 41. Ne4 Nc7 42. Kc4) 39... Nc3+ 40. Kd3 Nd5 41. Kc4 (41. Kd4 {seems wilder.} Nc7 42. Kc4 Nd5 43. Kd3 Nc7 44. Kd4) 41... Nc7 42. Kb3 Na6 43. Ne4 Kd7 44. Ka4 Kc7 45. f4 (45. Ka5 $16 Nb8 46. Nd6) 45... Kd7 (45... Kd8 $14) 46. Ka5 $1 $18 Nb8 47. Nd6 Ke7 48. Ne4 Kd7 $1 49. Kb4 ({Better is} 49. g4 $1 $16) 49... Na6+ 50. Ka4 Nb8 51. Ka5 Ke8 52. Nd6+ (52. g4 $14) 52... Ke7 $1 {[#] White stays focused until the end.} 53. g4 $1 g5 $2 (53... Nd7) 54. fxg5 Nd7 {[#]} 55. Ka6 $1 {[%cal Ra6a7]} Nxe5 56. Kxa7 Nd7 57. Ne4 f5 58. gxf6+ $1 Nxf6 59. Nc3 Nd7 60. Kb7 Nxc5+ 61. Kxc6 {White mates.} Nd3 62. a4 {[%cal Ba3a4,Ba4a5,Ba5a6][%mdl 32]} Ne5+ 63. Kb6 Kd6 64. a5 Nd7+ 65. Kb5 Kc7 66. Ne4 Ne5 67. g5 Ng6 68. Nc5 e5 69. a6 Kb8 70. Kb6 Nf8 {Weighted Error Value: White=0.15/Black=0.27} 1-0

[Event "15th Spice Cup 2021"]
[Site "Clayton"]
[Date "2021.10.21"]
[Round "6.4"]
[White "Mardov, Dimitar"]
[Black "Nyzhnyk, Illya"]
[Result "0-1"]
[WhiteElo "2373"]
[BlackElo "2670"]
[Annotator "TA"]
[PlyCount "72"]
[EventDate "2021.10.17"]
[EventType "swiss"]
[EventCountry "USA"]
[SourceTitle "playchess.com"]
[Source "ChessBase"]
[SourceQuality "1"]

{[%evp 13,72,3,14,15,35,45,33,23,26,18,75,8,0,-16,0,-29,8,20,12,-10,-35,-109,-69,-108,-104,-132,-128,-239,-174,-186,-181,-151,-168,-160,-174,-156,-171,-168,-125,-118,-113,-200,-157,-147,-151,-165,-161,-147,-139,-178,-189,-211,-184,-396,-401,-404,-380,-395,-388,-386,-382]} 1. d4 Nf6 2. Nf3 g6 3. g3 Bg7 4. Bg2 O-O 5. O-O d6 6. b3 a5 7. a4 Nc6 8. Bb2 {A49: 1 d4 Nf6 2 Nf3 g6 3 g3: Anti-King's Indian systems.} e5 9. dxe5 Nd7 10. Qc1 {[#] White is slightly better.} dxe5 $146 ({Predecessor:} 10... Ndxe5 11. Nxe5 Nxe5 12. f4 Nd7 13. Bxg7 Kxg7 14. Nc3 Nc5 15. e4 Bd7 16. e5 Bc6 {0-1 (33) Dardha,D (2420)-Hovhannisyan,M (2444) Roux 2019}) 11. Rd1 Re8 (11... Qe7 $11 {keeps the balance.}) 12. Na3 ({White should try} 12. Nc3 $16) 12... Qe7 $11 13. Nb5 Nc5 $1 14. Qg5 Bf6 (14... f6 $5 {[%cal Rf6g5]} 15. Qe3 Nb4 $11) 15. Qe3 Nb4 16. Ne1 (16. Bxe5 $5 Bxe5 17. Qxe5 Qxe5 18. Nxe5 Rxe5 19. Nxc7 $11) 16... Bf5 17. Ba3 (17. Qc3 $15) 17... e4 18. Rab1 Rad8 19. h4 b6 20. c4 (20. Bxb4 $17 axb4 21. Nd4) 20... c6 21. Nd4 Rxd4 22. Rxd4 Bxd4 23. Qxd4 e3 24. Rb2 {intending Bxb4.} exf2+ 25. Qxf2 Rd8 26. Kh2 Rd1 27. Nf3 (27. e4 $17) 27... Ne4 28. Qe3 Qd6 {[%csl Ge4][%cal Rd6g3] [#]} 29. Qf4 Qxf4 30. gxf4 c5 31. Ng5 Nc3 32. e4 Bg4 33. Rf2 $2 (33. Bxb4 cxb4 34. f5) 33... Nd3 $19 {Black is winning.} 34. Rc2 Ne2 35. f5 Nd4 {[%mdl 64] [#] Double Attack} 36. Ra2 Rb1 {Weighted Error Value: White=0.30/Black=0.13} 0-1

[Event "15th Spice Cup 2021"]
[Site "Clayton"]
[Date "2021.10.21"]
[Round "6.5"]
[White "Martinez Alcantara, Jose Eduardo"]
[Black "Williams, Justus"]
[Result "1/2-1/2"]
[WhiteElo "2620"]
[BlackElo "2420"]
[Annotator "TA"]
[PlyCount "84"]
[EventDate "2021.10.17"]
[EventType "swiss"]
[EventCountry "USA"]
[SourceTitle "playchess.com"]
[Source "ChessBase"]
[SourceQuality "1"]

{[%evp 9,84,30,33,31,39,23,29,20,20,22,26,3,39,33,27,31,13,0,0,10,11,-10,21,-20,29,28,45,33,18,14,50,40,47,51,52,0,34,30,27,0,64,10,8,8,8,8,5,4,4,4,8,4,8,8,8,0,0,0,0,0,0,-3,0,0,0,0,0,0,50,0,0,0,0,0,0,0,0]} 1. e4 e5 2. Nf3 Nc6 3. Bb5 Nf6 4. d3 d6 5. c3 Bd7 6. h3 {C65: Ruy Lopez: Berlin Defence (3...Nf6), unusual lines and 4 0-0 Bc5.} g6 7. Be3 Bg7 8. Nbd2 {White has an edge.} O-O 9. O-O Kh8 {[#]} 10. a4 $146 ({Predecessor:} 10. Ba4 Qe8 11. Bc2 Ng8 12. d4 Bh6 13. Bxh6 Nxh6 14. Nc4 f6 15. Qd2 Kg7 16. Nh2 {½-½ (38) Idani,P (2577)-Panjwani,R (2444) Caleta 2020}) 10... Ng8 11. d4 exd4 12. cxd4 f5 {[#] Threatens to win with ...f4.} 13. exf5 Bxf5 14. Qb3 a5 15. Bc4 Nb4 16. Rac1 h6 17. d5 c5 18. dxc6 $1 bxc6 19. Nd4 d5 20. Be2 Bd7 21. Qd1 Nf6 22. N4b3 ({White should try} 22. Nc2 $14) 22... Bf5 23. Bd4 Re8 24. Re1 Rb8 (24... Qc7 $11) 25. Bf1 ({White should play} 25. g4 $14 Bd7 26. Nc5) 25... Rxe1 $1 $11 26. Qxe1 Nc2 27. Qd1 Nxd4 28. Nxd4 Rxb2 29. Nxf5 gxf5 30. Rxc6 {Threatening Nc4!} Ne4 31. Nxe4 fxe4 32. Be2 Qf8 33. Rc2 Rxc2 34. Qxc2 Bd4 35. Bb5 (35. Bh5 {is more complex.} Qf4 36. Qc8+ Kh7 37. Qd7+ Kh8 38. Qe8+) 35... Bc5 36. Kf1 Kg7 37. Bc6 Qd6 38. Qb2+ Qf6 39. Qb7+ Kh8 {[%csl Gc5][%cal Rf6f2] [#]The position is equal.} 40. Qc8+ Kg7 {[%csl Gc5][%cal Rf6f2]} 41. Qc7+ Kh8 {[%csl Gc5][%cal Rf6f2]} 42. Qb8+ Kh7 {[%csl Gc5][%cal Rf6f2] Weighted Error Value: White=0.11/Black=0.12} 1/2-1/2

[Event "15th Spice Cup 2021"]
[Site "Clayton"]
[Date "2021.10.21"]
[Round "6.6"]
[White "Eckert, Doug"]
[Black "Cordova, Emilio"]
[Result "0-1"]
[WhiteElo "2221"]
[BlackElo "2534"]
[Annotator "TA"]
[PlyCount "88"]
[EventDate "2021.10.17"]
[EventType "swiss"]
[EventCountry "USA"]
[SourceTitle "playchess.com"]
[Source "ChessBase"]
[SourceQuality "1"]

{[%evp 11,88,5,11,0,75,74,86,71,41,-11,89,87,95,69,82,75,59,14,45,47,61,60,70,28,29,0,0,0,0,0,0,0,-1,-4,0,-11,0,0,0,0,0,0,8,-7,60,0,91,39,85,95,70,56,39,0,0,0,0,0,0,0,0,0,0,0,0,0,0,0,0,0,0,-131,-70,-2229,-2153,-1857,-1828,-29998,-29999]} 1. d4 e6 2. c4 b6 3. a3 f5 4. Nc3 Nf6 5. Nf3 Bb7 6. d5 Na6 7. b4 {A40: Unusual replies to 1 d4.} exd5 (7... Bd6 $11) 8. cxd5 $16 ({Don't play} 8. Nxd5 c5 $11) 8... g6 {[#]} 9. Bb2 $146 {White is better.} ({Predecessor:} 9. Bf4 Bg7 10. Rc1 O-O 11. e3 h6 12. Bc4 Kh7 13. h4 Nh5 14. Be5 Bxe5 15. Nxe5 {1-0 (29) Alexandrova,O (2392)-Ivanova,S (2247) Alushta 2002}) 9... Bg7 10. Qb3 {[#]} ({Better is} 10. Qc2 $14) 10... Qe7 (10... Nxd5 $1 $11 11. Nxd5 Bxd5 12. Qxd5 Bxb2) 11. Rd1 O-O 12. g3 Kh8 13. Bg2 c5 {[%cal Rc5b4]} 14. b5 c4 15. Qxc4 Nc5 16. O-O Ne8 17. d6 Nxd6 18. Qa2 Rac8 19. Nd5 Bxd5 20. Rxd5 Nxb5 21. Rfd1 Nc7 22. R5d2 Rce8 23. h4 Bxb2 24. Qxb2+ Qg7 25. Nd4 f4 26. g4 Re7 27. g5 h5 (27... h6 $11) 28. Qc2 (28. Bf3 $14) 28... Rfe8 (28... f3 $1 $11 29. Nxf3 d5) 29. a4 ({White should try} 29. Bf3 $16) 29... N7a6 30. Nb5 Nb4 31. Qc4 Nc6 32. Qxf4 Rxe2 33. Rxe2 Rxe2 34. Nd6 Kh7 35. Bxc6 dxc6 36. Qf3 Re7 37. Qxc6 {Hoping for Ne8.} Qf8 {aiming for ...Qf4.} 38. Nc8 Rf7 39. Rd2 Qg7 {...Qa1+ is the strong threat.} 40. Nd6 Rf4 {[%mdl 64] [#] Threatens to win with ...Qa1+. Double Attack} 41. Kf1 (41. Kg2 $11 {keeps the balance.}) 41... Rxh4 (41... Qa1+ $17 42. Ke2 Rxh4 43. Qc7+ Qg7 44. Qxg7+ Kxg7) 42. Ne8 $2 {[%mdl 8192]} (42. Rd1 $15 Qd7 43. Qxd7+ Nxd7 44. Rd2) 42... Qa1+ $19 {[%mdl 64] Double Attack} 43. Ke2 Re4+ 44. Kf3 Qh1+ {Weighted Error Value: White=0.56/Black=0.22} 0-1

[Event "15th Spice Cup 2021"]
[Site "Clayton"]
[Date "2021.10.21"]
[Round "7.1"]
[White "Gledura, Benjamin"]
[Black "Quesada Perez, Yuniesky"]
[Result "1/2-1/2"]
[WhiteElo "2628"]
[BlackElo "2593"]
[Annotator "TA"]
[PlyCount "73"]
[EventDate "2021.10.17"]
[EventType "swiss"]
[EventCountry "USA"]
[SourceTitle "playchess.com"]
[Source "ChessBase"]
[SourceQuality "1"]

{[%evp 15,73,-7,0,0,0,0,0,0,-11,0,7,-7,26,18,22,21,30,28,21,21,21,21,10,-2,0,0,18,10,39,41,49,20,122,0,0,0,0,0,14,17,10,8,15,20,31,31,39,41,45,46,36,35,41,35,38,4,8,0,0,0]} 1. c4 e6 2. d4 Nf6 3. Nc3 Bb4 4. e3 O-O 5. Bd3 d5 6. cxd5 exd5 7. Nge2 Re8 8. O-O Bf8 9. Bd2 {E48: Nimzo-Indian: Rubinstein: 5 Bd3 d5 including 6 Ne2, but excluding 6 a3.} c6 10. f3 c5 {[#]} 11. Qe1 $146 ({Predecessor:} 11. dxc5 Bxc5 12. Nd4 Nc6 13. Nce2 Qb6 14. Qc2 Bd7 15. Rac1 Bf8 16. Qb3 Qxb3 17. axb3 {0-1 (36) Tsvetkov,A (2264)-Alekseev,E (2620) Sochi 2018}) 11... Nc6 12. Qf2 b6 13. Rad1 Nb4 14. Bb1 Ba6 15. Bc1 cxd4 16. exd4 g6 17. Rfe1 Bg7 18. g4 Rc8 19. Nf4 Rxe1+ 20. Qxe1 h6 21. h4 Qd6 22. Kg2 Re8 23. Qf2 Qd7 {[#]} (23... Nc6 $11) 24. a3 (24. g5 $1 $16 {[%cal Rg5f6]} hxg5 25. hxg5) 24... Nc6 $11 25. g5 hxg5 26. hxg5 Nh5 27. Nxg6 {aiming for Nh4.} Qd6 ({Not} 27... fxg6 $2 28. Bxg6 Bc8 29. Qh4 $16) 28. Ne5 Nxe5 29. dxe5 Bxe5 30. Nxd5 {[#] Hoping for Qh4.} Bg3 {Threatens to win with ...Qb8.} 31. Nf6+ $1 Qxf6 $1 32. gxf6 {White threatens Qe3! and mate.} Bxf2 33. Kxf2 Re2+ 34. Kg1 {Threatening mate with Rd8+.} Nxf6 35. b4 Kg7 36. Bf4 Bc4 37. Bd3 {Weighted Error Value: White=0.08/Black=0.12} 1/2-1/2